Moufang loops of small order

Αποθηκεύτηκε σε:
Λεπτομέρειες βιβλιογραφικής εγγραφής
Κύριος συγγραφέας: Chein, Orin 1943-
Μορφή: Βιβλίο
Γλώσσα:English
Δημοσίευση: Providence : American Mathematical Society, 1978
Σειρά:Memoirs of the American Mathematical Society ; ; 197
Θέματα:
Ετικέτες: Προσθήκη ετικέτας
Δεν υπάρχουν, Καταχωρήστε ετικέτα πρώτοι!

MARC

LEADER 00000cam a2200000 i 4500
001 1/48610
008 941103s1978 eng d
020 |a 0821821970 
035 |l 10043384 
035 |a 1993 
040 |a GR-MY-UA  |b gre  |e aacr 
041 0 |a eng 
082 0 |a 512.22 
100 1 |a Chein, Orin  |d 1943- 
245 1 0 |a Moufang loops of small order /  |c Orin Chein 
260 |a Providence :   |b American Mathematical Society,   |c 1978 
300 |a iv, 131 p.;  |c 26 cm 
490 1 |a Memoirs of the American Mathematical Society ; no. 197 
500 |a "Volume 13, issue 1." 
504 |a Bibliography: p. 131 
650 0 0 |a Moufang loops. 
830 0 |a Memoirs of the American Mathematical Society ;  |v ; 197 
852 |a INST  |b SAMOS  |e 19941103  |h 512.2 CHE  |p 005300007658  |q 005300007658  |t BK  |y 0 
909 |a Σ  |b 033387